01600cam a22004574a 450000100090000000300040000900500170001300800410003001000170007101600200008801600180010802000260012602000230015202000250017502000220020002000410022202000380026302000250030102000220032603500240034804000520037204200080042405000260043206000150045806000110047308200190048424500990050325000120060226000700061430000340068450001130071850400510083165000300088265000270091265000360093965000330097570000280100870000210103670000430105773000420110016527670OSt20170105101207.0101029s2011 enka b 001 0 eng  a 20100463967 a1015461842DNLM7 a0157388242Uk a9780470694671 (cloth) a047069467X (cloth) a9780470976722 (ePDF) a0470976721 (ePDF) a9780470976739 (Wiley Online Library) a047097673X (Wiley Online Library) a9780470977408 (ePub) a047097740X (ePub) a(OCoLC)ocn678397561 aDNLM/DLCcDLCdYDXdNLMdYDXCPdCDXdUKMGBdDLC apcc00aRC455.2.E64bT49 201100a2011 F-71610aWM 14000a362.2/042222200aTextbook of psychiatric epidemiology /cedited by Ming Tsuang, Mauricio Tohen, Peter B. Jones. a3rd ed. aChichester, West Sussex ;aHoboken, NJ :bWiley-Blackwell,c2011. axiv, 646 p. :bill. ;c26 cm. aRev. ed. of: Textbook in psychiatric epidemiology / edited by Ming T. Tsuang, Mauricio Tohen. 2nd ed. c2002. aIncludes bibliographical references and index. 0aPsychiatric epidemiology.12aEpidemiologic Methods.12aMental Disordersxepidemiology.22aMental Disordersxdiagnosis.1 aTsuang, Ming T.,d1931-1 aTohen, Mauricio.1 aJones, Peter B.q(Peter Brian),d1960-0 aTextbook in psychiatric epidemiology.